000 01110nam a22003497a 4500
001 000068652
003 CHAP
005 20220329141311.0
008 971010s1979 r 00010 d
010 _a66028
011 _a67000
035 _a76051
040 _cCHAP
090 _aFolleto 159
100 0 0 _aVassallo Muñiz, Carlos César.
_9118185
245 0 _aOrdeño mecánico de la vaca.
260 _aChapingo, Méx. :
_bUACH. Departamento de Zootecnia,
_c1979.
300 _a21 p.
590 _aBATCH-UPD
_b10
_c20130110
_lUCH01
_h1459
590 _aBATCH-UPD
_b10
_c20130410
_lUCH01
_h0922
590 _aBATCH-UPD
_b10
_c20130914
_lUCH01
_h1851
590 _aCONVERSION
_b10
_c20130109
_lUCH01
_h1336
590 _aE11695DGD
_b10
_c20150204
_lUCH01
_h0808
650 1 4 _aOrdeño.
_983427
901 _aBK
942 _cFOLL
942 _n0
949 _aFolleto 159
_bBC
_cFOLL
_d-153080
_eTS1
_i76051
_si
949 _aFolleto 159
_bBC
_cFOLL
_d-153081
_eTS2
_fc.2
_i76051
_si
949 _aFolleto 159
_bBC
_cFOLL
_d-153082
_eTS2
_fc.3
_i76051
_si
949 _aFolleto 159
_bBC
_cUACH
_d-153083
_eUACH
_fc.6
_i76051
_si
999 _c66028
_d66028